00464nam a2200193 a 4500001001300000003000900013005001700022008004100039020000800080082001300088100001900101245001500120260003600135300000900171500003500180505001300215650002300228700001900251nice12345678IN_TiNIC20260116011816.0050524s1965 luca grp 000 0 urd  ac900a823bHAG aHaggard, Rider aNidai Rooh aLucknowbNaseem Book Depoc1965 a518p aincludes index and biblioraphy2 aAppendix aLiterature-Fiction1 aHaggard, Rider